00417nam a2200157Ia 4500003000400000005001700004008004100021020001800062040000900080082001500089100001800104245007400122260004100196300000900237650001300246OSt20201009111527.0190216s9999||||xx |||||||||||||| ||und|| a9788177226362 coclc a004bGUP/E aGupta, Vikas  0aEncyclopedia Of Computer Knowledge Computer Course Kit /cVikas Gupta bDream Tech Press,aNew Delhi:c2006. a231p aComputer